|
|
|
|
| LEADER |
02639nam a2200397 i 4500 |
| 001 |
45810 |
| 003 |
BD-DhAAL |
| 005 |
20260519155355.0 |
| 008 |
260519t20192018nyua b 001 0aeng c |
| 010 |
|
|
|a 2017031389
|
| 020 |
|
|
|a 9781101981412
|
| 020 |
|
|
|a 9781101981436
|
| 020 |
|
|
|z 9781101981429 (e-book)
|
| 035 |
|
|
|a 20593986
|
| 040 |
|
|
|a LBSOR/DLC
|b eng
|c LBSOR
|e rda
|d DLC
|d BD-DhAAL
|
| 042 |
|
|
|a pcc
|
| 043 |
|
|
|a a-ja---
|
| 050 |
0 |
0 |
|a PR9130.9.B87
|b Z46 2018
|
| 082 |
0 |
0 |
|a 828.91403
|2 23
|
| 100 |
1 |
|
|a Buruma, Ian,
|e author.
|9 60900
|
| 245 |
1 |
2 |
|a A Tokyo romance :
|b a memoir /
|c Ian Buruma.
|
| 260 |
|
|
|a [Place of publication not identified] :
|b Penguin Books,
|c 2019.
|
| 300 |
|
|
|a 243 pages :
|b illustrations ;
|c 20 cm
|
| 504 |
|
|
|a Includes bibliographical references and index.
|
| 520 |
|
|
|a "A classic memoir of self-invention in a strange land : Ian Buruma's unflinching account of his amazing journey into the heart of Tokyo's underground culture as a young man in the 1970's When Ian Buruma arrived in Tokyo in 1975, Japan was little more than an idea in his mind, a fantasy of a distant land. A sensitive misfit in the world of his upper middleclass youth, what he longed for wasn't so much the exotic as the raw, unfiltered humanity he had experienced in Japanese theater performances and films, witnessed in Amsterdam and Paris. One particular theater troupe, directed by a poet of runaways, outsiders, and eccentrics, was especially alluring, more than a little frightening, and completely unforgettable. If Tokyo was anything like his plays, Buruma knew that he had to join the circus as soon as possible"--
|c Provided by publisher.
|
| 526 |
|
|
|a AAL
|
| 541 |
1 |
|
|a Donated by Embassy of Japan in Bangladesh, Read Japan Project 2025, The Tokyo Foundation, supported by The Nippon Foundation.
|e 45810
|
| 600 |
1 |
0 |
|a Buruma, Ian
|x Travel.
|9 60901
|
| 650 |
|
0 |
|a Authors, Dutch
|y 20th century
|v Biography.
|9 60902
|
| 650 |
|
0 |
|a Theater
|z Japan
|z Tokyo.
|9 60903
|
| 651 |
|
0 |
|a Tokyo (Japan)
|x Social life and customs
|y 1945-
|9 60904
|
| 655 |
|
7 |
|a Autobiographies.
|
| 852 |
1 |
|
|a Ayesha Abed Library
|c General Stacks
|
| 942 |
|
|
|2 ddc
|c BK
|
| 999 |
|
|
|c 47992
|d 47992
|
| 952 |
|
|
|0 0
|1 0
|2 ddc
|4 0
|6 828_914030000000000_BUR
|7 0
|9 79239
|a BRACUL
|b BRACUL
|d 2026-05-19
|e Donated by Embassy of Japan in Bangladesh, Read Japan Project 2025, The Tokyo Foundation, supported by The Nippon Foundation.
|l 0
|o 828.91403 BUR
|p 3010045810
|r 2026-05-19
|t 1
|w 2026-05-19
|y BK
|x Donated copy received from Embassy of Japan in Bangladesh, Read Japan Project 2025, The Tokyo Foundation, supported by The Nippon Foundation on 08 April 2026; $17.00 Price available in the Book
|